حید رآباد کے‏ غیر مسلم گر ہوں میں مسلمانوں کے بارے میں خیالات / (Record no. 194212)

MARC details
000 -LEADER
fixed length control field 00758nam a22001937a 4500
005 - DATE AND TIME OF LATEST TRANSACTION
control field 20221209152543.0
010 ## - LCCN (DPL NO)
LC control number UR-11785
020 ## - INTERNATIONAL STANDARD BOOK NUMBER
International Standard Book Number 9789392496189
Terms of availability 250.00
035 ## - SYSTEM CONTROL NUMBER
System control number U-10340
037 ## - SOURCE OF ACQUISITION
Source of stock number/acquisition DBAD/PUB
Stock number -
082 ## - DEWEY DECIMAL CLASSIFICATION NUMBER
Classification number 270
100 ## - MAIN ENTRY--PERSONAL NAME
Personal name مقبول احمد
245 ## - TITLE STATEMENT
Title حید رآباد کے‏ غیر مسلم گر ہوں میں مسلمانوں کے بارے میں خیالات /
Statement of responsibility, etc مقبول احمد
Medium ا ر د و
246 ## - VARYING FORM OF TITLE
Title proper/short title Hyderabad ke Ghair muslim grohon mein musalmanon ke bare mein khayalat /
Remainder of title by Maqbool Ahmed
260 ## - PUBLICATION, DISTRIBUTION, ETC. (IMPRINT)
Place of publication, distribution, etc New Delhi
Name of publisher, distributor, etc Educational Publishing House
Date of publication, distribution, etc 2021 ء
270 ## - ADDRESS
Address H.o. D1/16, Ansari Road, Darya Ganj
City New Delhi
Postal code 110002
300 ## - PHYSICAL DESCRIPTION
Extent 225 ص
Dimensions 21cm(pbk)
942 ## - ADDED ENTRY ELEMENTS (KOHA)
Source of classification or shelving scheme Dewey Decimal Classification
Item type Urdu Bks
Classification part 270
Call number suffix م ق ب
Holdings
Withdrawn status Lost status Not for loan Collection code Home library Current library Date acquired Source of acquisition Cost, normal purchase price Full call number Barcode Copy number Cost, replacement price Koha item type
      Non-fiction Central Library Central Library 09/12/2022 DBAD/PUB 250.00 270 م ق ب U-10340 1 250.00 Urdu Bks

© Delhi Public Library
Hit Counter
free hit counter